Joe Flacco - Career TD Pass Receivers - Statistics

General Stats
  • This quiz has been taken 16 times
  • The average score is 7 of 18
Answer Stats
Hint Answer % Correct
14 - Bal WR 2014-16 Steve Smith
93%
30 - Bal WR 2011-14 Torrey Smith
93%
6 - Bal RB 2008-13 Ray Rice
60%
14 - Bal WR 2010-12 Anquan Boldin
53%
7 - Bal WR 2013-15 Marlon Brown
53%
13 - Bal TE 2008-10 Todd Heap
53%
4 - Cle TE 2023 David Njoku
47%
4 - Bal WR 2018 John Brown
47%
13 - Bal TE 2010-16 Dennis Pitta
40%
18 - Bal WR 2008-10 Derrick Mason
40%
8 - Bal WR 2016-17 Mike Wallace
33%
6 - Bal/NYJ WR 2020 Breshad Perriman
20%
6 - Bal TE 2010-13 Ed Dickson
20%
7 - Bal WR 2013-16 Kamar Aiken
20%
6 - Bal TE 2014-17 Crockett Gillmore
13%
5 - Bal WR 2008-09 Mark Clayton
13%
4 - Bal TE 2014 Owen Daniels
13%
4 - Bal RB 2015-18 Buck Allen
7%
No matching quizzes found
Score Distribution
Percent of People with Each Score
Percentile by Number Answered
Your Score History
You have not taken this quiz